00645 2200241 4500001002100000005001700021008004100038020001800079035002400097082001200121090001900133100002200152245005500174250001100229260003100240300002900271500003100300650002500331850001300356980001300369985000600382999001500388YOGYA-0209000001806420090227022828.0 ind  a979-526-041-3 0010-020900000018064 a630.715 a630.715bKar T aKARTASAPUTRA, A.G aTeknologi penyuluhan pertaniancA.G. Kartasapoetra aCet. 2 aJakartabBumi Aksarac1991 aix, 170 hlmbilusc21 cm aBibliografi : hlm. 169-170 aPenyuluhan pertanian aYOPDYOGB a03-03-06 a1 a93P0035163